Green Houes And Shelter Structur Tropi Regicm (Record no. 2590)

MARC details
000 -LEADER
fixed length control field 00295nam a22001337a 4500
041 ## - LANGUAGE CODE
Language code of text/sound track or separate title ENG
100 ## - MAIN ENTRY--PERSONAL NAME
Personal name Zabeltiz.C.V
245 ## - TITLE STATEMENT
Title Green Houes And Shelter Structur Tropi Regicm
260 ## - PUBLICATION, DISTRIBUTION, ETC. (IMPRINT)
Place of publication, distribution, etc New Delhi
Name of publisher, distributor, etc FAO
Date of publication, distribution, etc 1999
300 ## - PHYSICAL DESCRIPTION
Extent 122
650 ## - SUBJECT ADDED ENTRY--TOPICAL TERM
Topical term or geographic name as entry element FAO
700 ## - ADDED ENTRY--PERSONAL NAME
Personal name Baudosn.W.O
856 ## - ELECTRONIC LOCATION AND ACCESS
Uniform Resource Identifier FAO
Holdings
Withdrawn status Lost status Source of classification or shelving scheme Damaged status Not for loan Home library Current library Shelving location Date acquired Cost, normal purchase price Total Checkouts Barcode Date last seen Price effective from Koha item type
    Dewey Decimal Classification     College of Agricultural Engineering and Technology, Dapoli , Library College of Agricultural Engineering and Technology, Dapoli , Library Book Cart 01/11/2021 1638.80   001376 01/11/2021 01/11/2021 Books

Contact Us: College of Agricultural Engineering and Technology, Dapoli, Dist.- Ratnagiri
Website: https://dbskkv.org Email: caetlibrary2015@gmail.com